000 00680nam a2200181Ia 4500
003 GCL
008 140319s9999 xx 000 0 ara d
040 _aGCL /
_cGCL
082 0 4 _a951.09
_bل د
100 1 _aاللجنةالمركزية لحزب العمل الكو
245 1 0 _aذكريات المشتركين فى حرب العصابات ضد اليابان /
_cاللجنةالمركزية لحزب العمل الكو
300 _a96 ص
490 _aالهيئة العامة للاستعلامات
_v0
650 0 4 _aالحرب العالمية الثانية 1939 - 1945
650 0 4 _aكوريا - تاريخ
650 0 4 _aحروب التحرير
942 _2ddc
_cBK
999 _c47082
_d47082